| 000 | 00705nam a22002177a 4500 | ||
|---|---|---|---|
| 005 | 20100331115410.0 | ||
| 006 | a|||||r|||||00| 0 | ||
| 007 | ta | ||
| 008 | 100331t xxu||||| |||| 00| 0 eng d | ||
| 022 | _a0970-9525 | ||
| 082 | _a660 | ||
| 245 | _aChemical digest | ||
| 260 |
_aNew Delhi _bSmall business Publications _c2010- |
||
| 300 |
_av. _ccm. |
||
| 310 | _amonthly | ||
| 650 | _aChemical-Industrial | ||
| 700 | _aGupta, R.K., ed | ||
| 270 |
_a19-A, Ansari Road, Darya Ganj _bNew Delhi _e110002 _k23284212 _l23243078 _msbpcon@ndf.vsnl.net.in _zwww.sbpconsultant.com |
||
| 942 |
_2ddc _cSR _h660 _mCHE _s1 |
||
| 999 |
_c34938 _d34938 |
||